Catálogo
 En Linea

La revuelta del poder negro / (Registro nro. 44068)

Detalles MARC
000 -CABECERA
campo de control de longitud fija 00629nam a2200205 a 4500
001 - NÚMERO DE CONTROL
campo de control 000044579
005 - FECHA Y HORA DE LA ÚLTIMA TRANSACCIÓN
campo de control 20201002045457.0
008 - DATOS DE LONGITUD FIJA--INFORMACIÓN GENERAL
campo de control de longitud fija 140717s1968 sp 000 0 spa d
040 ## - FUENTE DE LA CATALOGACIÓN
Centro catalogador/agencia de origen DO-SdBNP
Lengua de catalogación spa
Centro/agencia transcriptor BNPHU
041 17 - CÓDIGO DE LENGUA
Código de lengua del texto/banda sonora o título independiente spa
Código de lengua original eng
082 ## - NÚMERO DE LA CLASIFICACIÓN DECIMAL DEWEY
Número de clasificación xxxx
Número de documento/Ítem xxxx
100 1# - ENTRADA PRINCIPAL--NOMBRE DE PERSONA
Nombre de persona Barbour, Floyd B.
9 (RLIN) 72604
240 10 - TÍTULO UNIFORME
Título uniforme The Black Power revolt
Lenguaje de la obra Español.
245 13 - MENCIÓN DE TÍTULO
Título La revuelta del poder negro /
Mención de responsabilidad, etc. Floyd B. Barbour ; traducción Miguel Montaner.
260 ## - PUBLICACIÓN, DISTRIBUCIÓN, ETC.
Lugar de publicación, distribución, etc. Barcelona :
Nombre del editor, distribuidor, etc. Anagrama,
Fecha de publicación, distribución, etc. [1968].
300 ## - DESCRIPCIÓN FÍSICA
Extensión 292 p. ;
Dimensiones 20 cm.
490 1# - MENCIÓN DE SERIE
Mención de serie Documentos
Designación de volumen o secuencia 3
700 12 - PUNTO DE ACCESO ADICIONAL--NOMBRE DE PERSONA
Nombre de persona Montaner, Miguel
Término indicativo de función/relación tr.
9 (RLIN) 72605
830 #0 - PUNTO DE ACCESO ADICIONAL DE SERIE-TÍTULO UNIFORME
Título uniforme Documentos ;
Número de parte o sección de la obra 3
9 (RLIN) 46535
Existencias
Estado de retiro Estado de pérdida Restricciones de uso No para préstamo Código de colección Localización permanente Ubicación/localización actual Ubicación en estantería Fecha de adquisición Número de inventario Total de préstamos Signatura topográfica completa Código de barras Fecha visto por última vez Precio válido a partir de Tipo de ítem Koha
      Excluido de préstamo Monografías: Libros y Folletos General General En catalogación 17.07.2014 LF1   xxxx xxxx 44579-10 25.06.2020 25.06.2020 No se presta

Con tecnología Koha